LEADER 01591nam a2200349 u 4500 001 000000015217 003 CaOOAMICUS 005 20070226105844.0 008 940517s1986 au u000 u ger u 020 $a3702215875 035 $a10356539 040 $aPUL$bita 100 1 $aKriegbaum, Bernhard,$cS.I.$0(OLS)http://pul/name/14008 245 10$aKirche der Traditoren oder Kirche der Martyrer? :$bdie Vorgeschichte des Donatismus /$cBernhard Kriegbaum. 260 $aInnsbruck :$bTyrolia-Verlag,$c1986. 300 $a186 p. ;$c23 cm 490 1 $aInnsbrucker theologische Studien ;$v16 500 $aComprende indici. 502 $aDiss. -- Universität München. 504 $aBibliografia: p. [177]-182. 650 4$aDonatisti.$0(OLS)http://pul/subject/820 710 2 $aUniversität München.$0(OLS)http://pul/name/12801 830 0$aInnsbrucker theologische Studien ;$v16.$0(OLS)http://pul/title/7380 850 $aPUL 852 $aPUL$W1$xDP1 Fondo Maccarrone$y58$m1506 B 33$j21325$nBK-PRI$b $qFondi$B21325$CPULBib$Z2$F21325 $H $81 852 $aPUL$W1$xSL Religione 1$y3$m64 M 16$j21326$nBK-PRI$b $qStampati$B21326$CPULBib$Z2$F21326 $H92117 $81 941 1 $a8 941 1 $a1 961 $aINV: 01765 -- Fondo Mons. M. Maccarrone 996 $6020$a3702215875$9(OLS)http://pul/number/19390 996 $6245$aKirche der Traditoren oder Kirche der Martyrer? :$bdie Vorgeschichte des Donatismus$9(OLS)http://pul/title/21827 996 $6260$aInnsbruck :$bTyrolia-Verlag$9(OLS)http://pul/publisher/50752 LEADER 01441nam a2200361 a 4500 001 000000157008 003 CaOOAMICUS 005 20161201175821.0 008 161201s2013 it 000 u ita r 020 $a978-88-01-05565-8* 032 $aLibriCat 040 $aPUL$bita 082 14$a264 245 00$aDizionario di Omiletica /$ca cura di Manlio Sodi e Achille M. Triacca . 250 $aSeconda ristampa con nuova presentazione. 260 $aTorino :$bEllediCi ;$aGorle (Bg) :$bVelar,$c©2013. 300 $aXIX, 1708 p. ; $c25 cm. 650 4$aOmelie.$0(OLS)http://pul/subject/1540 650 4$aLiturgia.$0(OLS)http://pul/subject/2437 700 1 $aSodi, Manlio,$cS.D.B.,$d1944-$0(OLS)http://pul/name/32025 700 1 $aTriacca, Achille M.,$d1935-2002.$0(OLS)http://pul/name/59441 850 $aPUL 852 $aPUL$W1$xSL Religione 3$y85$m264 SODMA 8$j180291$qDDC 21$B183416$CPULBib$Z2$F183416 $H128486 $81 941 1 $a9 960 $aPredicazione$91540 960 $aPredicazione$91540 960 $aOmiletica$91540 996 $6020$a978-88-01-05565-8*$9(OLS)http://pul/number/161614 996 $6082$a264$9(OLS)http://pul/classification/492 996 $6245$aDizionario di Omiletica$9(OLS)http://pul/title/59103 996 $6260$aTorino :$bEllediCi$9(OLS)http://pul/publisher/67120 996 $6260$aGorle (Bg) :$bVelar$9(OLS)http://pul/publisher/81239